000 00835nam a2200241Ia 4500
003 OSt
005 20220923225125.0
006 a|||||r|||| 00| 0
007 ta
008 220922b |||||||| |||| 00| 0 hin d
024 _a257,847
037 _cTextual
040 _aARTS
_cARTS
_bhin
041 _2hin
_ahin
082 _aO15,2:g, 152K7
100 _aदीक्षित, प्रदीप कुमार
245 0 _aनायक नायिका भेद और राग रागिणी वर्गीकरण
246 _aNāyak nāyikā bhed aur rāg rāgiṇī vargīkaraṇa
260 _c1967
650 _aहिन्दी साहित्य
_9156264
942 _hO15,2:g, 152K7
_cTEXL
_2CC
999 _c376225
_d376225